000 00540nam a22001937a 4500
005 20250724154959.0
010 _aENG-146143
020 _c350.00
_a9789348892348
035 _aEN-129675
037 _bDBAD
082 _a881
_21
100 _aGhosh, Papia
_983328
245 _aVignettes From an Odyssey/
_cPapia Ghosh
250 _a1
260 _aKolkata
_bExceller Books
_c2024
270 _aG1 Dream Apartment, Degree College Road
_b Belgharia,Kolkata
300 _a78p.
_c22cm(pb)
942 _2ddc
_cEN
_mGHO
_h881
999 _c212602
_d212602